00715 2200253 4500001002100000005001700021008004100038035002400079082001300103090002000116100001900136245008500155250001100240260002900251300003000280500003100310650003700341700001700378700001800395850001200413980001500425985000600440999001500446YOGYA-0209000006478920090227040335.0 ind  0010-020900000064789 a499.2523 a499.2523bDur M aDURASID, Durje aMorfosintaksis bahasa Katingancoleh, Durje Durasid, Aries Djinal, Djantera Kawi aCet. 1 aJakartabDepdikbudc1986 axiv, 120 hlmbilusc21 cm aBibliografi : hlm. 110-111 aBahasa Katingan - Morfosintaksis aJinal, Aries akawi, jantera aYOPDYOG a27-08-2008 a1 aA000001239